[Event "Malaga op 13th"]
[Site "Malaga"]
[Date "2010.02.22"]
[Round "4"]
[White "Lopez Guerrero, Jose Miguel"]
[Black "Charro Calvo, Jesus"]
[Result "1-0"]
[WhiteElo "2001"]
[BlackElo "1729"]
[PlyCount "113"]
[EventDate "2010.02.20"]
[EventType "swiss"]
[EventRounds "9"]
[EventCountry "ESP"]
[SourceTitle "CBM 135 Extra"]
[Source "ChessBase"]
[SourceDate "2010.05.04"]
[SourceVersion "1"]
[SourceVersionDate "2010.05.04"]
[SourceQuality "1"]

1. c4 e5 2. Nc3 g6 3. d4 Qe7 4. Nd5 Qd8 5. dxe5 c6 6. Nc3 Bg7 7. Qd6 Qe7 8. Bf4 Na6 9. 0-0-0 Nc5 10. h3 Qxd6 11. Rxd6 Ne7 12. e4 h6 13. b4 Ne6 14. Bh2 g5 15. Nf3 Ng6 16. Ne2 a5 17. b5 0-0 18. Ned4 Nc5 19. Nd2 Re8 20. Nf5 Bf8 21. f3 Bxd6 22. exd6 Kh7 23. h4 gxh4 24. g3 cxb5 25. cxb5 b6 26. gxh4 Bb7 27. Rg1 Rac8 28. Kb1 h5 29. Bc4 Ne6 30. a4 Rf8 31. Rg3 Nc5 32. Rg5 Ne6 33. Rxh5+ Kg8 34. Rh6 Ngf4 35. Bg1 Rc5 36. Rf6 Nh5 37. Ne7+ Kh7 38. Bxc5 Nxf6 39. Bxb6 Ne8 40. Nf5 N8g7 41. Bxe6 fxe6 42. Nxg7 Kxg7 43. Bxa5 Kg6 44. Bc3 Kh5 45. Kc2 Kxh4 46. Be5 Rg8 47. a5 Rc8+ 48. Bc3 Kg3 49. a6 Bxa6 50. bxa6 Ra8 51. Kd3 Rxa6 52. Be5+ Kg2 53. f4 Ra3+ 54. Kd4 Kf2 55. f5 exf5 56. exf5 Ke2 57. Nc4 1-0

[Event "Malaga op 13th"]
[Site "Malaga"]
[Date "2010.02.21"]
[Round "2"]
[White "Bellon Lopez, Juan Manuel"]
[Black "Charro Calvo, Jesus"]
[Result "1-0"]
[WhiteElo "2440"]
[BlackElo "1729"]
[PlyCount "77"]
[EventDate "2010.02.20"]
[EventType "swiss"]
[EventRounds "9"]
[EventCountry "ESP"]
[SourceTitle "CBM 135 Extra"]
[Source "ChessBase"]
[SourceDate "2010.05.04"]
[SourceVersion "1"]
[SourceVersionDate "2010.05.04"]
[SourceQuality "1"]

1. d4 Nf6 2. Bg5 Ne4 3. Bf4 d5 4. f3 Nf6 5. Bg5 Nbd7 6. Nc3 c6 7. e4 dxe4 8. fxe4 h6 9. Bh4 Qa5 10. e5 Nd5 11. Qd2 e6 12. Ne4 Qxd2+ 13. Kxd2 c5 14. Bf2 cxd4 15. Bxd4 Be7 16. Nf3 0-0 17. c4 Nb4 18. a3 Nc6 19. Bc3 Rd8 20. Kc2 b6 21. b4 Bb7 22. Nd6 Rdb8 23. Rd1 Nf8 24. Bd3 Bxd6 25. exd6 Rd8 26. Rd2 Nd7 27. Re1 Re8 28. Be4 Rac8 29. Kb2 Nd8 30. Ne5 Bxe4 31. Rxe4 Nxe5 32. Bxe5 Ra8 33. Rg4 g6 34. d7 Rf8 35. Bf6 Kh7 36. Rh4 Rg8 37. c5 bxc5 38. bxc5 Rb8+ 39. Rb4 1-0

[Event "Malaga op 13th"]
[Site "Malaga"]
[Date "2010.02.21"]
[Round "3"]
[White "Charro Calvo, Jesus"]
[Black "Ladron de Guevara Pinto, Fermin Gabriel"]
[Result "1/2-1/2"]
[WhiteElo "1729"]
[BlackElo "2044"]
[PlyCount "85"]
[EventDate "2010.02.20"]
[EventType "swiss"]
[EventRounds "9"]
[EventCountry "ESP"]
[SourceTitle "CBM 135 Extra"]
[Source "ChessBase"]
[SourceDate "2010.05.04"]
[SourceVersion "1"]
[SourceVersionDate "2010.05.04"]
[SourceQuality "1"]

1. e4 e6 2. d4 d5 3. e5 c5 4. c3 Nc6 5. Bb5 cxd4 6. Qxd4 Bd7 7. Bxc6 bxc6 8. Qg4 Qc7 9. Nf3 Ne7 10. 0-0 Nf5 11. Re1 c5 12. Nbd2 Be7 13. Nf1 h5 14. Qh3 0-0-0 15. Ng5 Rdf8 16. Qd3 Qc6 17. Ne3 Nh4 18. Nc2 f6 19. exf6 gxf6 20. Nf3 Nf5 21. Ne3 Nxe3 22. Bxe3 e5 23. Nh4 e4 24. Qd2 Rhg8 25. g3 f5 26. Ng2 h4 27. b4 hxg3 28. hxg3 Bd6 29. Bf4 Rf6 30. Rad1 Be6 31. Bxd6 Qxd6 32. Nf4 Bf7 33. bxc5 Qxc5 34. Qd4 Qd6 35. Nxd5 Bxd5 36. Qxd5 Rxg3+ 37. Kf1 Qxd5 38. Rxd5 Rxc3 39. Ra5 a6 40. Re3 Rc1+ 41. Re1 Rxe1+ 42. Kxe1 Kd7 43. Ke2 1/2-1/2

[Event "ESP-ch U18"]
[Site "Padron"]
[Date "2008.07.29"]
[Round "4"]
[White "Almagro Guardia, Elena"]
[Black "Charro Calvo, Jesus"]
[Result "1/2-1/2"]
[WhiteElo "1895"]
[BlackElo "1757"]
[PlyCount "46"]
[EventDate "2008.07.27"]
[EventType "swiss"]
[EventRounds "9"]
[EventCountry "ESP"]
[SourceTitle "CBM 125 Extra"]
[Source "ChessBase"]
[SourceDate "2008.09.01"]
[SourceVersion "1"]
[SourceVersionDate "2008.09.01"]
[SourceQuality "1"]

1. c4 b6 2. Nc3 Bb7 3. d4 Nf6 4. Nf3 e6 5. e3 Bb4 6. Bd2 0-0 7. Bd3 d5 8. 0-0 Nbd7 9. Rc1 Re8 10. Ne5 Nxe5 11. dxe5 Nd7 12. f4 Nc5 13. Be2 Ba6 14. cxd5 Bxe2 15. Qxe2 exd5 16. Rcd1 Bxc3 17. Bxc3 Ne4 18. Be1 c6 19. Qg4 Re6 20. Bh4 Qf8 21. Rd4 Rg6 22. Qe2 Rh6 23. Be1 Rd8 1/2-1/2